[Event "World Rapid 2015"]
[Site "Berlin GER"]
[Date "2015.10.10"]
[Round "4.63"]
[White "Milanovic, Danilo"]
[Black "Wagner, Dennis"]
[Result "1-0"]
[WhiteElo "2469"]
[BlackElo "2575"]
[PlyCount "87"]
[EventDate "2015.10.10"]
[EventType "rapid"]

1. d4 Nf6 2. Nc3 d5 3. Bf4 c5 4. e3 cxd4 5. exd4 a6 6. h3 Nc6 7. Nf3 Bf5 8. Be2
e6 9. O-O Bd6 10. Bxd6 Qxd6 11. Re1 O-O 12. Bf1 Rfc8 13. a3 b5 14. Na2 b4 15.
axb4 Nxb4 16. Nxb4 Qxb4 17. Re2 Qxb2 18. c4 Qb4 19. c5 Ne4 20. Re3 Qb2 21. Qe1
a5 22. Rea3 h6 23. R1a2 Qb7 24. Rxa5 Rxa5 25. Rxa5 Qb2 26. Qe2 Qc3 27. Ra7 e5
28. Qe3 Qc2 29. Nxe5 f6 30. Nf3 Rb8 31. Ra1 Rb3 32. Qe2 Qc3 33. Ra8+ Kh7 34.
Nh4 Bd7 35. Nf3 Rb1 36. Kh2 Bb5 37. Qxb5 Rxb5 38. Bxb5 Qc2 39. Bd7 Kg6 40. Be8+
Kh7 41. Nh4 g5 42. Bg6+ Kg7 43. Ra7+ Kf8 44. Nf5 1-0

[Event "World Rapid 2015"]
[Site "Berlin GER"]
[Date "2015.10.10"]
[Round "4.64"]
[White "Carstensen, Jacob"]
[Black "Pavlovic, Milos"]
[Result "1/2-1/2"]
[WhiteElo "2352"]
[BlackElo "2481"]
[PlyCount "93"]
[EventDate "2015.10.10"]
[EventType "rapid"]

1. d4 Nf6 2. c4 g6 3. Nc3 Bg7 4. e4 O-O 5. Nf3 d6 6. Be2 c5 7. d5 e6 8. O-O Re8
9. h3 Na6 10. dxe6 Bxe6 11. Bf4 Qb6 12. Rb1 Rad8 13. Nd2 Nb4 14. a3 Nc6 15. b4
Nd4 16. bxc5 Qa5 17. Nb3 Nxe2+ 18. Nxe2 Qa6 19. Nd2 Bxc4 20. Nxc4 Qxc4 21. cxd6
Rxe4 22. Be3 Qc6 23. Qb3 b6 24. Nc3 Re6 25. Nb5 Qd7 26. Rfc1 Ne8 27. Nxa7 Rxe3
28. Qxe3 Qxa7 29. Qxb6 Qd7 30. a4 Nxd6 31. a5 Ne4 32. Qe3 Re8 33. Rd1 Qc6 34.
Rb6 Qa8 35. a6 Nc3 36. Qf3 Nxd1 37. Qxd1 Qa7 38. Rd6 Bf8 39. Rc6 Bc5 40. Qf3
Qe7 41. g3 h5 42. Kg2 Bd4 43. Qd5 Qe4+ 44. Qxe4 Rxe4 45. Rc4 Re6 46. Rxd4 Rxa6
47. Rd2 1/2-1/2

[Event "World Rapid 2015"]
[Site "Berlin GER"]
[Date "2015.10.10"]
[Round "4.65"]
[White "Valdes Romero, Leonardo"]
[Black "Naumann, Alexander"]
[Result "1/2-1/2"]
[WhiteElo "2362"]
[BlackElo "2545"]
[PlyCount "47"]
[EventDate "2015.10.10"]
[EventType "rapid"]

1. Nf3 Nf6 2. g3 g6 3. Bg2 Bg7 4. O-O d5 5. c4 O-O 6. cxd5 Nxd5 7. Nc3 Nc6 8.
Nxd5 Qxd5 9. d3 a5 10. Be3 Bxb2 11. Rb1 Bf6 12. Nd4 Qd6 13. Nxc6 bxc6 14. Qa4
Be6 15. Bxc6 Rab8 16. Bf3 Bd5 17. Rxb8 Rxb8 18. Qxa5 Bxf3 19. exf3 Qxd3 20.
Qxc7 Ra8 21. Qc1 Qd5 22. Kg2 Qxa2 23. Rd1 h5 24. h4 1/2-1/2

[Event "World Rapid 2015"]
[Site "Berlin GER"]
[Date "2015.10.10"]
[Round "4.66"]
[White "Olafsson, Helgi"]
[Black "Polzin, Rainer"]
[Result "1-0"]
[WhiteElo "2549"]
[BlackElo "2416"]
[PlyCount "113"]
[EventDate "2015.10.10"]
[EventType "rapid"]

1. c4 Nf6 2. Nc3 g6 3. e4 d6 4. d4 Bg7 5. f3 O-O 6. Be3 c5 7. Nge2 Nc6 8. Qd2
Qa5 9. Rc1 e5 10. dxc5 dxc5 11. Nd5 Qxd2+ 12. Kxd2 b6 13. Bg5 Nd7 14. Nec3 f6
15. Be3 Nd4 16. Bd3 Bb7 17. Rhf1 Rf7 18. g3 Nf8 19. f4 exf4 20. gxf4 f5 21. e5
Nfe6 22. h4 h5 23. Rf2 Kh7 24. Rg1 Rd8 25. Rg3 Nf8 26. Bxd4 cxd4 27. Nb5 Rfd7
28. Nd6 Rxd6 29. exd6 Rxd6 30. Re2 Ne6 31. Rf3 Kg8 32. Rf1 Bh6 33. Ref2 Kf7 34.
Kc2 a5 35. b3 b5 36. Kd2 a4 37. Kc2 Bc6 38. Nb4 axb3+ 39. axb3 bxc4 40. Bxc4
Be4+ 41. Kd2 Kg7 42. Nd3 Bxd3 43. Kxd3 Nc5+ 44. Kc2 d3+ 45. Kb2 Ne4 46. Rg2 d2
47. Be2 Kh7 48. Kc2 Rc6+ 49. Bc4 Nd6 50. Rxd2 Nxc4 51. Rd7+ Kg8 52. bxc4 Rxc4+
53. Kd3 Re4 54. Rb1 Re8 55. Rb6 Bxf4 56. Rxg6+ Kh8 57. Rf6 1-0

[Event "World Rapid 2015"]
[Site "Berlin GER"]
[Date "2015.10.10"]
[Round "4.67"]
[White "Godena, Michele"]
[Black "Choukri, Adel"]
[Result "1-0"]
[WhiteElo "2513"]
[BlackElo "2199"]
[PlyCount "99"]
[EventDate "2015.10.10"]
[EventType "rapid"]

1. e4 e6 2. d4 d5 3. Nd2 Nf6 4. e5 Nfd7 5. Bd3 c5 6. c3 Nc6 7. Ne2 cxd4 8. cxd4
f6 9. exf6 Nxf6 10. Nf3 Bd6 11. O-O Qc7 12. Bg5 O-O 13. Bh4 Nh5 14. Qc2 h6 15.
Bh7+ Kh8 16. Bg6 Rxf3 17. Bxh5 Rf8 18. Bg3 Bd7 19. Rac1 Rac8 20. Qd2 Bxg3 21.
hxg3 Qd6 22. Nf4 Kg8 23. Rfe1 Rf6 24. Rc3 g5 25. Nd3 Rcf8 26. Qe3 Nb4 27. Qe5
Qb6 28. Nc5 Bc8 29. Re2 Nc6 30. Qe3 Qb4 31. Rd3 b6 32. a3 Qc4 33. b3 Qb5 34.
Na4 Ba6 35. Rc3 e5 36. dxe5 d4 37. Qe4 Re6 38. Bg4 dxc3 39. Bxe6+ Kg7 40. Bc4
c2 41. Qxc2 Qa5 42. b4 Nd4 43. bxa5 Nxc2 44. Bxa6 Nxa3 45. axb6 axb6 46. e6 b5
47. Nc3 b4 48. Nd5 b3 49. e7 Re8 50. Rb2 1-0

[Event "World Rapid 2015"]
[Site "Berlin GER"]
[Date "2015.10.10"]
[Round "4.68"]
[White "Hjartarson, Johann"]
[Black "Thornton, Giovanni Antonio"]
[Result "1-0"]
[WhiteElo "2529"]
[BlackElo "2207"]
[PlyCount "77"]
[EventDate "2015.10.10"]
[EventType "rapid"]

1. e4 e6 2. d4 d5 3. Nc3 Nf6 4. e5 Nfd7 5. f4 c5 6. Nf3 Nc6 7. Be3 cxd4 8. Nxd4
Bc5 9. Qd2 O-O 10. Be2 Ndxe5 11. Nxc6 Bxe3 12. Nxd8 Bxd2+ 13. Kxd2 Nc4+ 14.
Bxc4 dxc4 15. Nxf7 Rxf7 16. Rhf1 Bd7 17. g3 Bc6 18. Rae1 Rd8+ 19. Kc1 Rd6 20.
Re5 Rfd7 21. Rd1 Kf7 22. Rxd6 Rxd6 23. Rc5 Rd4 24. Ne2 Re4 25. Kd2 e5 26. Nc3
Rd4+ 27. Ke3 Rd6 28. Rxe5 Rh6 29. h4 Rg6 30. Ne2 Bg2 31. Rc5 Ra6 32. Rc7+ Kf8
33. f5 Rxa2 34. Nf4 Bc6 35. Ne6+ Ke8 36. Nxg7+ Kf8 37. Ne6+ Ke8 38. f6 Bd7 39.
Rxd7 1-0

[Event "World Rapid 2015"]
[Site "Berlin GER"]
[Date "2015.10.10"]
[Round "4.69"]
[White "Ben Artzi, Ido"]
[Black "Piorun, Kacper"]
[Result "0-1"]
[WhiteElo "2419"]
[BlackElo "2609"]
[PlyCount "72"]
[EventDate "2015.10.10"]
[EventType "rapid"]

1. d4 Nf6 2. c4 g6 3. Nc3 Bg7 4. e4 O-O 5. f3 d6 6. Be3 b6 7. Qd2 c5 8. d5 e6
9. Nge2 Ba6 10. Nf4 exd5 11. Nfxd5 Nxd5 12. Nxd5 Nc6 13. Be2 Nd4 14. O-O Rb8
15. Rab1 b5 16. b3 f5 17. exf5 Rxf5 18. Bd3 Rf7 19. Bg5 Qd7 20. Qa5 Bb7 21.
Qxa7 Ra8 22. Qb6 h6 23. Bxg6 Bxd5 24. cxd5 Rff8 25. Bf4 Rxf4 26. Rbe1 Rff8 27.
Bh5 Rfb8 28. Bg4 Rxb6 29. Bxd7 Ra7 30. Re7 Rbb7 31. Be6+ Kf8 32. Rxb7 Rxb7 33.
a4 Nxe6 34. dxe6 Ke7 35. Re1 c4 36. bxc4 bxa4 0-1

[Event "World Rapid 2015"]
[Site "Berlin GER"]
[Date "2015.10.10"]
[Round "4.71"]
[White "Carlstedt, Jonathan"]
[Black "Zhang, Zhong"]
[Result "0-1"]
[WhiteElo "2442"]
[BlackElo "2619"]
[PlyCount "86"]
[EventDate "2015.10.10"]
[EventType "rapid"]

1. c4 c5 2. g3 g6 3. Bg2 Bg7 4. Nc3 Nc6 5. a3 e6 6. Rb1 Nge7 7. b4 d6 8. Nf3
O-O 9. O-O b6 10. e3 Bb7 11. d4 cxd4 12. Nxd4 Rb8 13. Nxc6 Bxc6 14. Bb2 Bxg2
15. Kxg2 Qc7 16. Ne4 Qxc4 17. Bxg7 Kxg7 18. Qf3 Nf5 19. Rbc1 Qa6 20. Qf4 e5 21.
Qf3 Rbc8 22. Kg1 d5 23. Nc3 d4 24. exd4 Nxd4 25. Qe4 Rfe8 26. Kg2 Qxa3 27. Nb5
Nxb5 28. Rxc8 Nd6 29. Qc6 Rxc8 30. Qxd6 Re8 31. Qd7 Re6 32. b5 a5 33. bxa6 Qxa6
34. Rc1 Qe2 35. Qd1 Qxd1 36. Rxd1 Rc6 37. Rb1 Kf6 38. Kf3 Ke6 39. g4 Kd5 40.
Rd1+ Kc5 41. Ke4 b5 42. Kxe5 b4 43. Rd3 Rb6 0-1

[Event "World Rapid 2015"]
[Site "Berlin GER"]
[Date "2015.10.10"]
[Round "4.72"]
[White "Stern, Rene"]
[Black "Abel, Dennes"]
[Result "1/2-1/2"]
[WhiteElo "2538"]
[BlackElo "2441"]
[PlyCount "56"]
[EventDate "2015.10.10"]
[EventType "rapid"]

1. d4 d5 2. c4 e6 3. Nc3 c6 4. e4 dxe4 5. Nxe4 Bb4+ 6. Bd2 Be7 7. Nf3 Nd7 8.
Bd3 Ngf6 9. O-O O-O 10. Qe2 c5 11. dxc5 Nxc5 12. Nxc5 Bxc5 13. Bc3 Qe7 14. Rad1
Rd8 15. b4 Bd6 16. Ng5 Bc7 17. Ne4 Nxe4 18. Bxe4 Re8 19. Rfe1 Rb8 20. Qe3 a6
21. Rd2 e5 22. Bd5 Be6 23. a3 Bxd5 24. Rxd5 f6 25. Red1 Qe6 26. h3 Re7 27. Qd2
Rbe8 28. Qd3 e4 1/2-1/2

[Event "World Rapid 2015"]
[Site "Berlin GER"]
[Date "2015.10.10"]
[Round "4.73"]
[White "Munoz Pantoja, Miguel"]
[Black "Berend, Elvira"]
[Result "1-0"]
[WhiteElo "2441"]
[BlackElo "2370"]
[PlyCount "109"]
[EventDate "2015.10.10"]
[EventType "rapid"]

1. e4 e5 2. d4 exd4 3. Qxd4 Nc6 4. Qe3 Nf6 5. Bd2 Bb4 6. Nc3 O-O 7. O-O-O Re8
8. Bc4 d6 9. f3 Ne5 10. Bb3 a5 11. a3 Bc5 12. Qg5 Be6 13. Bxe6 Rxe6 14. Nge2
Nc4 15. Kb1 h6 16. Qg3 Nxd2+ 17. Rxd2 b5 18. Nf4 Re8 19. Nxb5 Rb8 20. c4 c6 21.
Nd4 Bxd4 22. Rxd4 Rxb2+ 23. Kxb2 Qb6+ 24. Kc3 Rb8 25. Nd3 d5 26. c5 Qb3+ 27.
Kd2 dxe4 28. fxe4 Re8 29. Re1 Qxa3 30. Qf3 Qa2+ 31. Ke3 Nd5+ 32. Rxd5 cxd5 33.
e5 f6 34. Re2 Qc4 35. Qf4 Qb5 36. Qd4 fxe5 37. Qxd5+ Kh8 38. Nxe5 a4 39. Kf2
Rf8+ 40. Nf3 a3 41. Rc2 Qa5 42. Qa2 Rc8 43. c6 Qb6+ 44. Kg3 Rxc6 45. Rxc6 Qxc6
46. Qxa3 Qc7+ 47. Kh3 Qd7+ 48. g4 Qf7 49. Qa8+ Kh7 50. Qe4+ Kh8 51. Kg3 Qc7+
52. Qe5 Qc1 53. h4 Kg8 54. g5 hxg5 55. Qe8+ 1-0

[Event "World Rapid 2015"]
[Site "Berlin GER"]
[Date "2015.10.10"]
[Round "4.74"]
[White "Hasangatin, Ramil"]
[Black "Hilverda, Alexander"]
[Result "1-0"]
[WhiteElo "2509"]
[BlackElo "2384"]
[PlyCount "91"]
[EventDate "2015.10.10"]
[EventType "rapid"]

1. e4 c5 2. Nf3 e6 3. g3 d5 4. exd5 exd5 5. d4 Nc6 6. Bg2 Bd6 7. O-O Nge7 8.
dxc5 Bxc5 9. Nbd2 O-O 10. Nb3 Bb6 11. Nfd4 Nxd4 12. Nxd4 Nc6 13. Be3 Qf6 14. c3
Ne5 15. Nc2 Bg4 16. f3 Bf5 17. Bxb6 Qxb6+ 18. Nd4 Nc6 19. Rf2 Nxd4 20. Qxd4
Qxd4 21. cxd4 Rac8 22. Rd2 Rfe8 23. Kf2 f6 24. Bf1 Kf7 25. Bb5 Re7 26. Ba4 Ke6
27. h4 Kd6 28. g4 Bd7 29. Bb3 Bb5 30. Kg3 Rec7 31. Kf4 g6 32. g5 fxg5+ 33. hxg5
Rf8+ 34. Kg3 Rcf7 35. Rf2 Rf5 36. f4 Bd3 37. Rc1 Be4 38. Bd1 h6 39. Bg4 R5f7
40. gxh6 g5 41. Rcf1 Bd3 42. fxg5 Bxf1 43. Rxf7 Rxf7 44. g6 Bd3 45. gxf7 Ke7
46. Bh5 1-0

[Event "World Rapid 2015"]
[Site "Berlin GER"]
[Date "2015.10.10"]
[Round "4.75"]
[White "Petursson, Margeir"]
[Black "Bruedigam, Martin"]
[Result "0-1"]
[WhiteElo "2520"]
[BlackElo "2375"]
[PlyCount "138"]
[EventDate "2015.10.10"]
[EventType "rapid"]

1. c4 e5 2. Nc3 Nf6 3. g3 Bb4 4. Bg2 Bxc3 5. bxc3 O-O 6. e4 d6 7. Ne2 Nc6 8.
O-O a6 9. a4 Rb8 10. Rb1 Bd7 11. Ba3 Na5 12. d3 Qe8 13. f4 Bxa4 14. Qd2 Nd7 15.
fxe5 Nxe5 16. c5 dxc5 17. Bxc5 Nb3 18. Rxb3 Bxb3 19. Nd4 Be6 20. Nc2 Qb5 21.
Bxf8 Rxf8 22. d4 Nc4 23. Qf2 c6 24. Nb4 a5 25. Nd3 a4 26. Nc5 Bc8 27. Qa2 Ne3
28. Rb1 Qa5 29. Qxa4 Qxc3 30. Qb4 Qc2 31. Qb2 b6 32. Qxc2 Nxc2 33. Nb3 Rd8 34.
d5 cxd5 35. exd5 Ne3 36. Bf3 Nxd5 37. Nd4 Nc3 38. Rb4 g6 39. Nc6 Rd3 40. Kf2
Be6 41. Rxb6 Kg7 42. Ne5 Rd2+ 43. Kg1 Bd5 44. Bxd5 Rxd5 45. Nf3 Ne4 46. Rb7 h5
47. Kf1 Ra5 48. Ke2 Nf6 49. Ke3 Ng4+ 50. Kd3 g5 51. h4 Ra3+ 52. Ke4 Re3+ 53.
Kf5 Rxf3+ 54. Kxg5 Nf6 55. g4 Nxg4 56. Kxh5 Nf6+ 57. Kg5 Rg3+ 58. Kf5 Rf3+ 59.
Kg5 Nh7+ 60. Kg4 Rc3 61. Rb4 Rc5 62. Ra4 Kg6 63. Ra6+ f6 64. Rb6 Rc4+ 65. Kg3
Nf8 66. h5+ Kg5 67. h6 Rg4+ 68. Kf3 Rh4 69. Rb8 Ng6 0-1

[Event "World Rapid 2015"]
[Site "Berlin GER"]
[Date "2015.10.10"]
[Round "4.76"]
[White "Cordeiro, Marco Aurelio Zaror"]
[Black "Thiede, Lars"]
[Result "1-0"]
[WhiteElo "2228"]
[BlackElo "2437"]
[PlyCount "71"]
[EventDate "2015.10.10"]
[EventType "rapid"]

1. e4 g6 2. d4 Bg7 3. f3 d5 4. c3 dxe4 5. fxe4 e5 6. Nf3 exd4 7. Bc4 Nf6 8. e5
Nd5 9. cxd4 O-O 10. Nc3 Nxc3 11. bxc3 c5 12. O-O Bg4 13. Ba3 Nd7 14. h3 Bf5 15.
g4 Be4 16. Nd2 Bc6 17. d5 Qh4 18. Kg2 Nxe5 19. dxc6 Rad8 20. Nf3 Rxd1 21. Nxh4
Rd2+ 22. Kh1 Nxc4 23. Bxc5 Rc8 24. cxb7 Rb8 25. Rab1 Na5 26. Rb5 Bxc3 27. Rfb1
a6 28. Rxa5 Bxa5 29. Ba7 Rxb7 30. Rxb7 Rxa2 31. Bd4 f6 32. Bxf6 Rf2 33. Bd4 Rd2
34. Nf3 Rd3 35. Rb8+ Kf7 36. Ne5+ 1-0

[Event "World Rapid 2015"]
[Site "Berlin GER"]
[Date "2015.10.10"]
[Round "4.77"]
[White "Gutov, Andrey"]
[Black "Camacho Collados, Jose"]
[Result "1-0"]
[WhiteElo "2384"]
[BlackElo "2383"]
[PlyCount "55"]
[EventDate "2015.10.10"]
[EventType "rapid"]

1. d4 Nf6 2. c4 e6 3. Nc3 Bb4 4. e3 b6 5. a3 Bxc3+ 6. bxc3 O-O 7. Bd3 Bb7 8. f3
c5 9. Ne2 Nc6 10. e4 d6 11. Bg5 h6 12. Bh4 cxd4 13. cxd4 e5 14. O-O Rc8 15. f4
exf4 16. Nxf4 g5 17. Nh5 Nxh5 18. Qxh5 Kg7 19. Be1 Ne7 20. Bg3 f6 21. h4 Bc6
22. hxg5 fxg5 23. Rxf8 Qxf8 24. Bxd6 Be8 25. Qh3 Rd8 26. Qe6 Bf7 27. Qe5+ Kg8
28. Bxe7 1-0

[Event "World Rapid 2015"]
[Site "Berlin GER"]
[Date "2015.10.10"]
[Round "4.78"]
[White "Meister, Jakob"]
[Black "Osmanodja, Filiz"]
[Result "1-0"]
[WhiteElo "2437"]
[BlackElo "2291"]
[PlyCount "91"]
[EventDate "2015.10.10"]
[EventType "rapid"]

1. d4 Nf6 2. Bf4 e6 3. e3 c5 4. Nc3 cxd4 5. exd4 d6 6. Bd3 Be7 7. Nf3 O-O 8.
O-O a6 9. Qe2 Nbd7 10. a4 Nb6 11. a5 Nbd5 12. Nxd5 Nxd5 13. Bd2 b5 14. axb6
Qxb6 15. c4 Nf6 16. b4 Bb7 17. Bc3 Rfd8 18. Rfb1 Qc6 19. Re1 Rd7 20. Qd2 Rc8
21. Qb2 Rdc7 22. Bd2 h6 23. Bf4 Nh5 24. Be3 Bg5 25. Qd2 Bxe3 26. Qxe3 Nf6 27.
h3 Qb6 28. Reb1 Bxf3 29. c5 dxc5 30. dxc5 Qb8 31. Qxf3 Rd8 32. Bxa6 Rd4 33. Qc3
Qd8 34. Bf1 Ne4 35. Qe3 e5 36. Be2 Qe7 37. Bd3 Nc3 38. Ra8+ Rd8 39. Rxd8+ Qxd8
40. Bh7+ Kxh7 41. Qxc3 Qd5 42. Rc1 f5 43. b5 e4 44. b6 Rf7 45. c6 f4 46. c7 1-0

[Event "World Rapid 2015"]
[Site "Berlin GER"]
[Date "2015.10.10"]
[Round "4.79"]
[White "Carow, Johannes"]
[Black "Lagunow, Raphael"]
[Result "1-0"]
[WhiteElo "2431"]
[BlackElo "2164"]
[PlyCount "39"]
[EventDate "2015.10.10"]
[EventType "rapid"]

1. d4 Nf6 2. c4 g6 3. Nc3 Bg7 4. e4 O-O 5. Be3 d6 6. f3 Nbd7 7. Nge2 c5 8. Qd2
a6 9. Rd1 Qa5 10. dxc5 dxc5 11. Nc1 b5 12. cxb5 axb5 13. Bxb5 Rb8 14. a4 Ba6
15. O-O Bxb5 16. axb5 c4 17. N1e2 e5 18. Qd6 Rfd8 19. Ra1 Ne8 20. Qxb8 1-0

[Event "World Rapid 2015"]
[Site "Berlin GER"]
[Date "2015.10.10"]
[Round "5.6"]
[White "Nikolic, Predrag"]
[Black "Zhigalko, Sergei"]
[Result "1/2-1/2"]
[WhiteElo "2603"]
[BlackElo "2656"]
[PlyCount "52"]
[EventDate "2015.10.10"]
[EventType "rapid"]

1. d4 Nf6 2. c4 e6 3. Nf3 b6 4. g3 Ba6 5. Qa4 Bb7 6. Bg2 c5 7. O-O cxd4 8. Nxd4
Bxg2 9. Kxg2 Qc7 10. Rd1 Qb7+ 11. f3 a6 12. Nc3 Be7 13. Bg5 h6 14. Bxf6 Bxf6
15. Ne4 Be7 16. Rd3 O-O 17. Rc1 Rc8 18. Qd1 f5 19. Nf2 Ra7 20. e4 fxe4 21. Nxe4
Qa8 22. Rb3 Nc6 23. Nxc6 Qxc6 24. Rbc3 Rac7 25. a3 Qb7 26. R1c2 Rc6 1/2-1/2

[Event "World Rapid 2015"]
[Site "Berlin GER"]
[Date "2015.10.10"]
[Round "5.7"]
[White "Gelfand, Boris"]
[Black "Kovalenko, Igor"]
[Result "1/2-1/2"]
[WhiteElo "2741"]
[BlackElo "2700"]
[PlyCount "118"]
[EventDate "2015.10.10"]
[EventType "rapid"]

1. d4 d5 2. c4 c6 3. Nf3 Nf6 4. e3 Bf5 5. Nc3 a6 6. Ne5 Nbd7 7. Qb3 Qc7 8. cxd5
Nxe5 9. dxe5 Nxd5 10. Nxd5 cxd5 11. Bd2 e6 12. Rc1 Qd7 13. Be2 Be7 14. Ba5 Bd8
15. Bb4 Be7 16. Bxe7 Qxe7 17. Qb6 O-O 18. Rc7 Qg5 19. O-O f6 20. f4 Qg6 21.
exf6 Qxf6 22. Qd4 Qxd4 23. exd4 Rf7 24. Rxf7 Kxf7 25. Rc1 Re8 26. a4 Re7 27. a5
Kf6 28. h4 Be4 29. Kf2 Rd7 30. g3 Ke7 31. Ke3 Kd6 32. b4 h6 33. Kd2 Rf7 34. Ke3
Rf8 35. g4 Rh8 36. h5 Rb8 37. Rc3 Ra8 38. g5 Rh8 39. Rc1 g6 40. hxg6 hxg5 41.
g7 Rg8 42. fxg5 Rxg7 43. Rg1 e5 44. Bd3 Bxd3 45. dxe5+ Kxe5 46. Kxd3 Rg6 47.
Rg2 d4 48. Rg1 Kd5 49. Rg4 Ke5 50. Re4+ Kf5 51. Rxd4 Kxg5 52. Rd5+ Kf4 53. Kd4
b6 54. axb6 Rxb6 55. Kc4 Ke4 56. Rd8 Ke5 57. Rd1 Ke6 58. Rd2 Rc6+ 59. Kb3 Rd6
1/2-1/2

[Event "World Rapid 2015"]
[Site "Berlin GER"]
[Date "2015.10.10"]
[Round "5.13"]
[White "Guseinov, Gadir"]
[Black "Grigoriants, Sergey"]
[Result "1-0"]
[WhiteElo "2634"]
[BlackElo "2603"]
[PlyCount "111"]
[EventDate "2015.10.10"]
[EventType "rapid"]

1. e4 e5 2. Nf3 Nc6 3. Bb5 a6 4. Bxc6 dxc6 5. O-O Bg4 6. h3 h5 7. d3 Qf6 8.
Nbd2 Ne7 9. Re1 Ng6 10. d4 Bd6 11. hxg4 hxg4 12. Nh2 Rxh2 13. Qxg4 Qh4 14. Qxh4
Rxh4 15. Nf3 Rh5 16. dxe5 Nxe5 17. Nxe5 Bxe5 18. c3 f6 19. Be3 Bd6 20. Rad1 Kf7
21. f3 Ke6 22. Kf2 Ra5 23. a3 Rb5 24. b4 a5 25. c4 Rh5 26. c5 Be7 27. f4 g6 28.
Kf3 axb4 29. axb4 b6 30. f5+ gxf5 31. exf5+ Rxf5+ 32. Bf4+ Kf7 33. Rd7 Re8 34.
g4 Rd5 35. Rxc7 bxc5 36. bxc5 Kf8 37. Re6 Rxc5 38. Rcxe7 Rxe7 39. Bd6 Rc3+ 40.
Kf4 Kf7 41. Rxe7+ Kg6 42. Re8 Rc4+ 43. Kg3 Rc1 44. Rg8+ Kf7 45. Rc8 Kg6 46. Bf4
Rc3+ 47. Kf2 Rc4 48. Kf3 Rc3+ 49. Be3 Rc4 50. Rg8+ Kf7 51. Ra8 Kg6 52. Rd8 Kf7
53. Rd7+ Ke6 54. Rh7 Ra4 55. Rh5 Rc4 56. Rc5 1-0

[Event "World Rapid 2015"]
[Site "Berlin GER"]
[Date "2015.10.10"]
[Round "5.15"]
[White "Perunovic, Milos"]
[Black "Onischuk, Vladimir"]
[Result "0-1"]
[WhiteElo "2622"]
[BlackElo "2612"]
[PlyCount "70"]
[EventDate "2015.10.10"]
[EventType "rapid"]

1. e4 d6 2. d4 Nf6 3. Nc3 g6 4. f4 Bg7 5. Nf3 O-O 6. e5 dxe5 7. fxe5 Nd5 8. Bc4
Be6 9. Nxd5 Bxd5 10. Bxd5 Qxd5 11. Qe2 c5 12. c4 Qd7 13. Be3 Nc6 14. d5 Nxe5
15. Nxe5 Bxe5 16. Bxc5 Qc7 17. Ba3 Rac8 18. Rc1 Bxh2 19. Rc3 Rfd8 20. g4 Bg3+
21. Kf1 Be5 22. Re3 Bf6 23. b3 b5 24. Re4 bxc4 25. bxc4 e6 26. d6 Qa5 27. Rh3
Bc3 28. Bc1 Rxd6 29. g5 Bg7 30. Reh4 Qf5+ 31. Kg2 Rd4 32. Rxh7 Rcxc4 33. Bb2
Rg4+ 34. Kh1 Qb1+ 35. Kh2 Qg1# 0-1

[Event "World Rapid 2015"]
[Site "Berlin GER"]
[Date "2015.10.10"]
[Round "5.25"]
[White "Motylev, Alexander"]
[Black "Riazantsev, Alexander"]
[Result "1/2-1/2"]
[WhiteElo "2649"]
[BlackElo "2646"]
[PlyCount "48"]
[EventDate "2015.10.10"]
[EventType "rapid"]

1. e4 c6 2. d4 d5 3. Nc3 dxe4 4. Nxe4 Bf5 5. Ng3 Bg6 6. Nf3 Nd7 7. Bd3 Qc7 8.
O-O e6 9. c4 Ngf6 10. Bg5 Bd6 11. Re1 O-O 12. Bxg6 hxg6 13. Qc2 Rfe8 14. Rad1
b5 15. b3 bxc4 16. bxc4 c5 17. Ne4 Nxe4 18. Qxe4 Nf6 19. Qh4 Nh7 20. Be3 cxd4
21. Qxd4 Bb4 22. Rf1 Red8 23. Qe4 Nf6 24. Qh4 Rac8 1/2-1/2

[Event "World Rapid 2015"]
[Site "Berlin GER"]
[Date "2015.10.10"]
[Round "5.26"]
[White "Moiseenko, Alexander"]
[Black "Khismatullin, Denis"]
[Result "0-1"]
[WhiteElo "2692"]
[BlackElo "2651"]
[PlyCount "66"]
[EventDate "2015.10.10"]
[EventType "rapid"]

1. d4 Nf6 2. c4 e6 3. Nc3 Bb4 4. Nf3 b6 5. Bg5 h6 6. Bh4 g5 7. Bg3 Ne4 8. Qc2
Bb7 9. Be5 Rg8 10. d5 Bxc3+ 11. Bxc3 exd5 12. cxd5 Bxd5 13. O-O-O Bb7 14. e3
Qe7 15. Ne5 Nxc3 16. Qxc3 Nc6 17. Ng4 O-O-O 18. Nf6 Nb4 19. Nxg8 Nxa2+ 20. Kd2
Rxg8 21. Qb3 Nb4 22. f3 a5 23. Be2 Rg6 24. Ke1 g4 25. Qc3 Kb8 26. Kf1 Nd5 27.
Qh8+ Ka7 28. Rxd5 Bxd5 29. Qc8 Bb7 30. Qh8 gxf3 31. gxf3 Qxe3 32. Qc3 Qxc3 33.
bxc3 Rc6 0-1

[Event "World Rapid 2015"]
[Site "Berlin GER"]
[Date "2015.10.10"]
[Round "5.27"]
[White "Vallejo Pons, Francisco"]
[Black "Kravtsiv, Martyn"]
[Result "1/2-1/2"]
[WhiteElo "2684"]
[BlackElo "2621"]
[PlyCount "154"]
[EventDate "2015.10.10"]
[EventType "rapid"]

1. e4 e5 2. Nf3 Nc6 3. Bb5 a6 4. Ba4 Nf6 5. O-O b5 6. Bb3 Bb7 7. d3 Be7 8. Nc3
O-O 9. Nd5 Na5 10. Nxe7+ Qxe7 11. Nh4 Nxb3 12. axb3 d5 13. Nf5 Qe6 14. f3 g6
15. Nh6+ Kg7 16. Qe1 Ng8 17. Ng4 f6 18. Be3 h5 19. Nf2 Ne7 20. Bc5 Rf7 21. b4
Re8 22. c3 Nc6 23. Qd2 Qd7 24. Rad1 Kh7 25. Qc2 Nd8 26. d4 Ne6 27. dxe5 Nxc5
28. bxc5 Rxe5 29. Nd3 Re8 30. Nf4 Qe7 31. e5 Qxc5+ 32. Kh1 f5 33. Rfe1 c6 34.
b4 Qe7 35. Qf2 Bc8 36. h4 Qc7 37. Qd4 Qa7 38. Ra1 Rg7 39. Kh2 Rc7 40. Nh3 c5
41. Qxd5 cxb4 42. cxb4 Kg7 43. Qd6 Re6 44. Qd8 Rc4 45. Rac1 Qe7 46. Qxe7+ Rxe7
47. Rxc4 bxc4 48. Nf4 Be6 49. Ra1 Bf7 50. Ra5 Rc7 51. Rxa6 c3 52. Ra1 c2 53.
Rc1 Bb3 54. Ne2 Rc4 55. b5 Rxh4+ 56. Kg3 Rb4 57. Kf2 f4 58. b6 g5 59. g3 fxg3+
60. Nxg3 Ba4 61. Nxh5+ Kg6 62. Ng3 Rxb6 63. Ne2 Rb1 64. Ke3 Kf5 65. Kd4 Bb3 66.
Kc3 Kxe5 67. Kd2 Rxc1 68. Nxc1 Bc4 69. Kc3 Kf4 70. Kxc4 Kxf3 71. Kd3 g4 72.
Kxc2 g3 73. Nd3 Ke3 74. Ne1 Ke2 75. Ng2 Kf2 76. Nh4 g2 77. Nxg2 Kxg2 1/2-1/2

[Event "World Rapid 2015"]
[Site "Berlin GER"]
[Date "2015.10.10"]
[Round "5.28"]
[White "Bruzon Batista, Lazaro"]
[Black "Shabalov, Alexander"]
[Result "1-0"]
[WhiteElo "2659"]
[BlackElo "2522"]
[PlyCount "79"]
[EventDate "2015.10.10"]
[EventType "rapid"]

1. e4 c5 2. Nf3 d6 3. c3 Nf6 4. h3 Nbd7 5. Bd3 b6 6. O-O Bb7 7. Re1 Rc8 8. Bc2
Qc7 9. Na3 a6 10. d4 cxd4 11. cxd4 g6 12. e5 dxe5 13. dxe5 Nd5 14. e6 fxe6 15.
Ng5 Nc5 16. Nxh7 Rd8 17. Qg4 Qc6 18. Nc4 Bg7 19. Qxg6+ Kd7 20. Qxg7 Kc8 21. Ne5
Qc7 22. Qg3 Nb4 23. Bg6 Rhg8 24. Bf4 Rd4 25. Be3 Re4 26. Bxc5 bxc5 27. Rxe4
Bxe4 28. Qg4 Bf5 29. Bxf5 Rxg4 30. Bxe6+ Kb7 31. Nxg4 Qd6 32. Ng5 Qd2 33. Ne4
Qd4 34. Nc3 Qd2 35. Rb1 Kc6 36. Bf5 Qf4 37. Be4+ Kd7 38. Rd1+ Ke8 39. a3 Na2
40. Bg6+ 1-0

[Event "World Rapid 2015"]
[Site "Berlin GER"]
[Date "2015.10.10"]
[Round "5.29"]
[White "Agdestein, Simen"]
[Black "Bartel, Mateusz"]
[Result "1/2-1/2"]
[WhiteElo "2606"]
[BlackElo "2622"]
[PlyCount "94"]
[EventDate "2015.10.10"]
[EventType "rapid"]

1. c4 b6 2. Nc3 Bb7 3. e4 e5 4. Nf3 Nc6 5. a3 a5 6. g3 Bc5 7. Bg2 Nge7 8. O-O
O-O 9. d3 d6 10. Bd2 Nd4 11. Nh4 Qd7 12. b3 f5 13. Bh3 Qe8 14. Nd5 Nxd5 15.
exd5 b5 16. Bc3 f4 17. Ra2 g6 18. Bxd4 Bxd4 19. Nf3 c5 20. dxc6 Qxc6 21. Be6+
Kh8 22. Bd5 Qb6 23. Bxb7 Qxb7 24. Nxd4 exd4 25. Re1 f3 26. Re4 bxc4 27. bxc4
Rae8 28. Rxe8 Rxe8 29. h4 Rb8 30. Kh2 Qb3 31. Qxb3 Rxb3 32. Rd2 Rxa3 33. g4 a4
34. Kg3 Rb3 35. Kxf3 a3 36. Ke4 Rb2 37. Rd1 a2 38. Ra1 Rxf2 39. Kd5 Kg7 40.
Kxd6 Kf8 41. c5 Ke8 42. c6 Kd8 43. g5 Kc8 44. Re1 Rf8 45. Ra1 Rf2 46. Re1 Rf8
47. Ra1 Rf2 1/2-1/2